Communication policies in Sri Lanka

Zapisane w:
Opis bibliograficzny
Główni autorzy: Silva, M. A. de (Autor), Siriwardene, Reggie (Autor)
Format: Książka
Język:angielski
Wydane: París UNESCO 1977
Hasła przedmiotowe:
Etykiety: Dodaj etykietę
Nie ma etykietki, Dołącz pierwszą etykiete!

MARC

LEADER 00000nam a2200000 a 4500
001 UCU2756
003 CL-VaPUC
008 960426e19770000FR |||||||||||||||||eng|d
082 0 4 |a 302.23  |b SIL  |2 21 
100 0 |a Silva, M. A. de  |e author  |9 483353 
700 0 |a Siriwardene, Reggie  |e author  |9 483354 
245 1 0 |a Communication policies in Sri Lanka 
300 |a 59 p 
942 |c BK 
945 |d 19960426 00:00:00  |a lriquelm 
260 |a París  |b UNESCO  |c 1977 
650 0 |a Medios de comunicación de masas  |9 257273 
650 0 |a Radio  |9 260680 
650 7 |a TELEVISON  |2 CL-VaPUC  |9 355488 
650 0 |a Prensa  |9 258117 
583 |a last modification  |c 19960426 00:00:00  |k Rodrigo Vera 
999 |c 308119  |d 308117 
952 |0 0  |1 0  |4 0  |6 302_230000000000000_SIL_1977  |7 0  |8 A  |9 374390  |a BIBING  |b BIBING  |d 2019-11-21  |i 1643002  |o 302.23 SIL 1977  |p 1643002  |r 2025-01-20  |w 2019-11-21  |y BK  |k TRA